Longest Running Broadway and West End Musicals - Statistics

General Stats
  • This quiz has been taken 118 times
  • The average score is 14 of 37
Answer Stats
Answer % Correct
The Phantom of the Opera
93%
Les Miserables
91%
Cats
80%
Wicked
80%
The Lion King
70%
Chicago
67%
Mamma Mia!
60%
Rent
57%
Grease
52%
Hairspray
51%
Aladdin
47%
Matilda the Musical
46%
Evita
45%
My Fair Lady
42%
Mary Poppins
39%
Oliver!
39%
Jersey Boys
37%
Beauty and the Beast
35%
Miss Saigon
35%
The Book of Mormon
35%
A Chorus Line
33%
Starlight Express
33%
Jesus Christ Superstar
32%
Billy Elliot the Musical
28%
42nd Street
27%
Fiddler on the Roof
27%
Hello, Dolly!
25%
Blood Brothers
24%
Avenue Q
20%
The Producers
20%
We Will Rock You
20%
The Rocky Horror Show
15%
Me and My Girl
11%
Oh! Calcutta!
9%
Thriller-Live
3%
Black and White Minstrels
1%
Buddy - The Buddy Holly Story
1%
No matching quizzes found
Score Distribution
Percent of People with Each Score
Percentile by Number Answered
Your Score History
You have not taken this quiz